000 03346pam a2200697 i 4500
001 3056729
005 20210209154958.0
008 200116t20202020nyu c 000 1 eng
010 _a 2020000071
020 _a9781338583625
_q(hardcover)
_c$17.99
020 _a133858362X :
_c$17.99
020 _z9781338583649
_q(ebk)
035 _a(OCoLC)1129172491
035 _a(OCoLC)on1129172491
035 _a3042274
040 _aNJQ/DLC
_beng
_erda
_cDLC
042 _alcac
_apcc
043 _an-us-tn
050 0 0 _aPZ7.1.H492
_bHi 2020
082 0 4 _a[Fic]
_223
092 _ajunior fiction
_bHermon
100 1 _aHermon, Daka,
_eauthor.
_96404193
245 1 0 _aHide and seeker /
_cDaka Hermon.
250 _aFirst edition.
264 1 _aNew York :
_bScholastic Press,
_c2020.
264 4 _c©2020
300 _a308 pages ;
_c22 cm
336 _atext
337 _aunmediated
338 _avolume
520 _aSomething is wrong with twelve-year-old Zee, who has returned after a year's absence; nobody knows where he was or what happened to him, but now he is distracted and violent, freaking out when he sees his friends, Justin, Nia, and Lyric, playing an odd game of hide-and-seek, and talking wildly about some danger that is approaching--and soon his friends are pulled into a shadowy world ruled by a monstrous, shape-shifting Seeker, forced to play a terrifying game of hide-and-seek where they will have to confront their worst nightmares in order to find their way home.
521 1 _a8-12
_bBrodart.
521 2 _a3-7
_bBrodart.
650 0 _aMissing children
_vJuvenile fiction.
_95680789
650 0 _aHide-and-seek
_vJuvenile fiction.
_95689460
650 0 _aMonsters
_vJuvenile fiction.
_95674163
650 0 _aFear
_vJuvenile fiction.
_95674586
650 0 _aFriendship
_vJuvenile fiction.
_95673647
650 0 _aHorror tales.
_96404194
650 1 _aHorror stories.
_96404195
650 1 _aMissing children
_vFiction.
_95674235
650 1 _aHide-and-seek
_vFiction.
_95689461
650 1 _aMonsters
_vFiction.
_95674164
650 1 _aFear
_vFiction.
_95674590
650 1 _aFriendship
_vFiction.
_95673769
650 7 _aJUVENILE FICTION / Horror
_2bisacsh
_95718181
650 7 _aJUVENILE FICTION / Monsters
_2bisacsh
_95708135
650 7 _aJUVENILE FICTION / Thrillers & Suspense
_2bisacsh
_95715418
655 7 _aHorror fiction.
_2lcgft
_96404196
776 0 8 _iOnline version:
_aHermon, Daka.
_tHide and seeker
_bFirst edition.
_dNew York : Scholastic Press, 2020
_z9781338583649
_w(DLC) 2020000072
942 _2ddc
_cBOOK
948 _aBLK
_bCHILDREN'S
_pX121952816
_kJ
_hF
_f1
_r2
_g1
_70
_u3
_w11
_s0
_oBLK
_0$17.99
_y99
_c26
_jDewey Decimal
_nOn-Order
_e1808960-2
_9Item generated Sep 15 2020 10:44AM
999 _c358486
_d358486
999 _bF